000 02231nam a2200481 a 4500
001 000017883
003 DO-SdBNP
005 20170925104238.0
007 000017883
008 100407s2013 dr ad 000 0 spa d
020 _a9789945888829
040 _aBPMSU
_bspa
_cBPMSU
082 4 _a317.2932
_bP438e
245 0 0 _aPerfiles estadísticos provinciales :
_bregiones Enriquillo - El Valle /
_cpresentación Pablo Tactuk.
260 _aSanto Domingo :
_bONE,
_c2013.
300 _a143 p. :
_bil., gráf., mapas. ;
_c28 cm.
505 0 _tRegión Enriquillo --
_tBaoruco --
_tBarahona --
_tIndependencia --
_tPedernales --
_tRegión El Valle --
_tElías Piña --
_tSan Juan --
651 4 _aBAORUCO, REPÚBLICA DOMINICANA
_xPOBLACIÓN
_xESTADÍSTICAS
651 4 _aBAORUCO, REPÚBLICA DOMINICANA
_xCONDICIONES ECONÓMICAS
_xESTADÍSTICAS
651 4 _aBAORUCO, REPÚBLICA DOMINICANA
_xCONDICIONES SOCIALES
651 4 _aBARAHONA, REPÚBLICA DOMINICANA
_xPOBLACIÓN
_xESTADÍSTICAS
651 4 _aBARAHONA, REPÚBLICA DOMINICANA
_xCONDICIONES ECONÓMICAS
651 4 _aBARAHONA, REPÚBLICA DOMINICANA
_xCONDICIONES SOCIALES
_xESTADÍSTICAS
651 4 _aINDEPENDENCIA, REPÚBLICA DOMINICANA
_xPOBLACIÓN
_xESTADÍSTICAS
651 4 _aINDEPENDENCIA, REPÚBLICA DOMINICANA
_xCONDICIONES ECONÓMICAS
651 4 _aINDEPENDENCIA, REPÚBLICA DOMINICANA
_xCONDICIONES SOCIALES
_xESTADÍSTICAS
651 4 _aPEDERNALES
_xPOBLACIÓN
_xESTADÍSTICAS
651 4 _aPEDERNALES
_xCONDICIONES ECONÓMICAS
_xESTADÍSTICAS
651 4 _aPEDERNALES
_xCONDICIONES SOCIALES
_xESTADÍSTICAS
651 4 _aELIAS PIÑA
_xPOBLACIÓN
_xESTADÍSTICAS
651 4 _aELÍAS PIÑA
_xCONDICIONES ECONÓMICAS
_xESTADÍSTICAS
651 4 _aELÍAS PIÑA
_xCONDICIONES SOCIALES
_xESTADÍSTICAS
700 1 2 _aTactuk, Pablo
_epres.
710 1 2 _aRepública Dominicana. Oficina Nacional de Estadística
910 _aValidado. Control de calidad MFF
930 1 _lBND01
_mLF1
_820110215
_f01
_pHD
_g16307
942 _2ddc
_cBK
945 _aInventariado, 2017/MFF
956 _aNMORDAN
_b10
_c20100510
_lBND01
_h1150
956 _aYLOCKWARD
_b10
_c20150216
_lBND01
_h1140
956 _aMFILETO
_b40
_c20150309
_lBND01
_h1223
956 _aVMATEO
_b10
_c20150826
_lBPMSU
_h00151
999 _c8233
_d8233